• 首页
  • 本馆介绍
  • 公告通知
  • 最新文献
  • 馆藏检索
  • 电子资源
  • 读者导购
  • 参考咨询
  • 我的图书馆
  • 登录
  • 详细信息显示
  • 放入我的书架
  • 预约/预借图书
  • 作者相关作品
  • 分类相关作品
  • 丛书相关作品
  • 出版社相关作品

书目信息

  • 表格格式
  • 工作单格式
  • 卡片格式
题名:
创新者的报告
    
 
作者: 中国科学院综合计划局 编
分册: 第二集  
出版信息: 北京   科学出版社  2000.11
页数: 235页
开本: 16开
丛书名:
单 册:
中图分类: N19
科图分类:
主题词: 自然科学--现状 , 自然科学--概况
电子资源:
ISBN: 7-03-008950-2
000 00633nam0 2200205 45
001 0103061076
005 20031219104048.6
010    @a7-03-008950-2@b精装@dCNY36.00
100    @a20010306d2000 km y0chiy0120 ea
101 0  @achi
105    @a z 000yy
200 1  @a创新者的报告@h第二集@AChuang Xin Zhe De Bao Gao@f中国科学院综合计划局编@FZhong Guo Ke Xue Yuan Zong He Ji Hua Ju Bian
210    @a北京@c科学出版社@d2000.11
215    @a235页@d16开
606 0  @a自然科学@x现状
606 0  @a自然科学@x概况
690    @aN19@v1
701  0 @a中国科学院综合计划局@4编
801    @aCN@bTSTC@c20010306
905    @b295361-365@dN19@e48:2@f5
    
    创新者的报告.第二集/中国科学院综合计划局编.-北京:科学出版社,2000.11
    235页;16开
    
    
    ISBN 7-03-008950-2(精装):CNY36.00
    
●
相关链接 在E读中查询图书 在五车中查询图书 在当当中查询图书 在豆瓣中查询图书


正题名:创新者的报告     索取号:N19/48:2         预约/预借

序号 登录号 条形码 馆藏地/架位号 状态 备注
1 0295361   002953619   第三借阅区/ [索取号:N19/48:2] 在馆    
2 0295362   002953628   第三借阅区/ [索取号:N19/48:2] 在馆    
3 0295363   002953637   第三借阅区/ [索取号:N19/48:2] 在馆    
4 0295364   002953646   第三借阅区/ [索取号:N19/48:2] 在馆    
5 0295365   002953655   第二样本阅览室/ [索取号:N19/48:2] 在馆    
唐山师范学院图书馆 欢迎您!
大连网信软件有限公司© 版权所有